Readings in abnormal psychology and mental hygiene

Saved in:
Bibliografiske detaljer
Hovedforfatter: Taylor, W. S (Author)
Format: Bog
Sprog:engelsk
Udgivet: Nueva York D. Appleton Century 1926
Fag:
Tags: Tilføj Tag
Ingen Tags, Vær først til at tagge denne postø!

MARC

LEADER 00000nam a2200000 a 4500
001 UCZ6748
003 CL-VaPUC
008 951215e19260000US |||||||||||||||||eng|d
082 0 4 |a 616.89  |b TAY  |2 21 
100 0 |a Taylor, W. S  |e author  |9 351246 
245 1 0 |a Readings in abnormal psychology and mental hygiene 
300 |a 789 p 
942 |c BK 
945 |d 19951215 00:00:00  |a cmena 
260 |a Nueva York  |b D. Appleton Century  |c 1926 
650 0 |a Psiquiatría  |9 308427 
650 0 |a Enfermedades mentales   |9 310204 
650 0 |a Salud mental  |9 308393 
650 0 |a Psicoanálisis   |9 265702 
650 0 |a Trastornos del comportamiento  |9 311363 
650 0 |a Personalidad   |9 307255 
650 0 |a Trastornos de la personalidad   |9 307698 
583 |a last modification  |c 19951215 00:00:00  |k Rodrigo Vera 
999 |c 242925  |d 242923 
952 |0 0  |1 0  |4 0  |6 616_890000000000000_TAY_1926  |7 0  |8 P  |9 256251  |a BIBEDU  |b BIBEDU  |c BIBEDU_PB  |d 2019-11-19  |i 2882159  |o 616.89 TAY 1926  |p 2882159  |r 2019-11-19  |w 2019-11-19  |y BK  |k EDU